00269nam a2200097Ia 4500008004100000100001700041245003600058260005200094300000700146650001800153191201s2012 xx 000 0 und d aFOLEY, Ryan  0aZeus and the Rise of Olympians  bKalyani Navyug Media Pvt Ltd c2012aNew Delhi a80 aGeneral Books